• 首页
  • 本馆介绍
  • 公告通知
  • 最新文献
  • 馆藏检索
  • 电子资源
  • 读者导购
  • 参考咨询
  • 我的图书馆
  • 登录
  • 详细信息显示
  • 放入我的书架
  • 预约/预借图书
  • 作者相关作品
  • 分类相关作品
  • 丛书相关作品
  • 出版社相关作品

书目信息

  • 表格格式
  • 工作单格式
  • 卡片格式
题名:
跆拳道运动教学及运动损伤防治
    
 
作者: 张惠欣 , 牛良才 著
分册:  
出版信息: 北京   北京工业大学出版社  2022.1
页数: 186页
开本: 24cm
丛书名:
单 册:
中图分类: G886.9 , R873
科图分类:
主题词: 跆拳道--运动训练--教学研究 , 跆拳道--运动性疾病--损伤--防治
电子资源:
ISBN: 978-7-5639-8036-9
000 00921nam0 2200265 450
001 012001000965
005 20141202100137.0
010    @a978-7-5639-8036-9@dCNY60.00
100    @a20220905d2021 em y0chiy0110 ea
101 0  @achi
102    @aCN@b110000
105    @aa z 000yy
106    @ar
200 1  @a跆拳道运动教学及运动损伤防治@Atai quan dao yun dong jiao xue ji yun dong sun shang fang zhi@f张惠欣,牛良才著
210    @a北京@c北京工业大学出版社@d2022.1
215    @a186页@c图@d24cm
330    @a本书共8章,内容包括:跆拳道运动教学的主要内容,跆拳道运动教学与训练方法,跆拳道运动教学的融合,跆拳道运动损伤及防治办法等。
606 0  @a跆拳道@x运动训练@x教学研究
606 0  @a跆拳道@x运动性疾病@x损伤@x防治
690    @aG886.9@v5
690    @aR873@v5
701  0 @a张惠欣@Azhang hui xin@4著
701  0 @a牛良才@Aniu liang cai@4著
801  0 @aCN@bAHXH@c20221111
905    @b1362704-8@dG886.9@e223@f5
    
    跆拳道运动教学及运动损伤防治/张惠欣,牛良才著.-北京:北京工业大学出版社,2022.1
    186页:图;24cm
    
    
    ISBN 978-7-5639-8036-9:CNY60.00
    本书共8章,内容包括:跆拳道运动教学的主要内容,跆拳道运动教学与训练方法,跆拳道运动教学的融合,跆拳道运动损伤及防治办法等。
●
相关链接 在E读中查询图书 在五车中查询图书 在当当中查询图书 在豆瓣中查询图书


正题名:跆拳道运动教学及运动损伤防治     索取号:G886.9/223         预约/预借

序号 登录号 条形码 馆藏地/架位号 状态 备注
1 1362704   213627048   第一样本阅览室/ [索取号:G886.9/223] 在馆    
2 1362705   213627057   教育系资料室/ [索取号:G886.9/223] 在馆    
3 1362706   213627066   教育系资料室/ [索取号:G886.9/223] 在馆    
4 1362707   213627075   第四借阅区/ [索取号:G886.9/223] 在馆    
5 1362708   213627084   第四借阅区/ [索取号:G886.9/223] 在馆    
唐山师范学院图书馆 欢迎您!
大连网信软件有限公司© 版权所有